PLASTERING: aligned to the national occupational standard

Zapisane w:
Opis bibliograficzny
Format: Książka
Język:angielski
Wydane: Cengage Learning EMEA, 2012.
Etykiety: Dodaj etykietę
Nie ma etykietki, Dołącz pierwszą etykiete!

MARC

LEADER 00000nam a22000007a 4500
008 210419b ||||| |||| 00| 0 eng d
020 |a 978-1-4080-4186-4 
245 |a PLASTERING:   |b aligned to the national occupational standard  |c Lucy Arthy  |e (Construction workbook series)  |g xv, 150p 
260 |b Cengage Learning EMEA,   |c 2012.   |h Hampshire, UK:   |i 691357   |i 691358   |l TH8131 .P69  |m Plastering. 
500 |a “It includes index”. 
942 |a lcc  |c BK  |e Adeniran F. A  |f 19/04/2021 
952 |0 0  |1 0  |2 lcc  |4 0  |6 TH8131 P69  |7 0  |9 2156  |a HOL  |b EDM  |c QZ  |d 2021-04-19  |l 0  |o TH8131 .P69  |p 2021-6010  |r 2021-04-19 00:00:00  |w 2021-04-19  |y BK 
952 |0 0  |1 0  |2 lcc  |4 0  |6 TH8131 P69  |7 0  |9 2157  |a HOL  |b HOL  |c QZ  |d 2021-04-19  |l 0  |o TH8131 .P69  |p 2021-6011  |r 2021-04-19 00:00:00  |w 2021-04-19  |y BK 
999 |c 1121  |d 1121